| 000 | 00821nam a2200277 a 4500 | ||
|---|---|---|---|
| 003 | AR-BaBNM | ||
| 005 | 20251128203428.0 | ||
| 008 | 082120s2002 ||||||||||||||000 | spa|| | ||
| 020 | _a950-36-0077-4 | ||
| 040 | _cAR-BaBNM | ||
| 100 | 1 | _aTiscornia, Ruth | |
| 245 | 0 | 0 | _aLa política económica rioplatense de mediados del siglo XVII |
| 260 |
_aBuenos Aires _bEdiciones Culturales Argentinas _c1983 |
||
| 300 | _a485 p. | ||
| 500 | _aApéndice documental p. 300-484 | ||
| 504 | _aBibliografía para consultar p. 295-297 | ||
| 650 | 4 | _aCOMERCIO | |
| 650 | 4 | _aINSTITUCIONES HISPANOAMERICANAS | |
| 650 | 4 | _aPERIODO HISPANICO | |
| 650 | 4 | _aCONQUISTA DEL RIO DE LA PLATA | |
| 650 | 4 | _aCABILDOS DEL RIO DE LA PLATA | |
| 650 | 4 | _aHISTORIA ECONOMICA | |
| 653 | _aCONTRABANDO | ||
| 942 | _cBK | ||
| 998 | _cmariana | ||
| 999 |
_c3346 _d3346 |
||